| 000 | 00684nam a22002297a 4500 | ||
|---|---|---|---|
| 003 | BUBTL | ||
| 008 | 221116b ||||| |||| 00| 0 eng d | ||
| 020 | _a9847002002820 | ||
| 082 | _a811.52/ F9291s/ 2009 | ||
| 100 |
_94900 _aFrost, Robert |
||
| 245 |
_aSelected Poems/ _cRobert Frost |
||
| 250 | _a1st Edn. | ||
| 260 |
_aDhaka: _bFriends' Book Corner, _cc2009 |
||
| 300 |
_axliv, 300 p.: _c20 cm |
||
| 440 |
_94221 _aFriends' Classics |
||
| 500 | _aInclude Index | ||
| 505 | _aSelected Poems, Robert Frost, Friends' Classics | ||
| 650 | 0 |
_91994 _aEnglish Literature |
|
| 856 |
_k0 _l0 _yDownload |
||
| 942 |
_2ddc _cBK |
||
| 999 |
_c6788 _d6788 |
||